Punto de vista ciudadano (Record no. 187207)

MARC details
000 -LEADER
campo de control de longitud fija 00888nam a2200241 i 4500
001 - NÚMERO DE CONTROL
campo de control 187207
003 - IDENTIFICADOR DE NÚMERO DE CONTROL
campo de control SpMaBN
005 - FECHA Y HORA DE LA ÚLTIMA TRANSACCIÓN
campo de control 20230906222837.0
008 - DATOS DE LONGITUD FIJA--INFORMACIÓN GENERAL
campo de control de longitud fija 170508s1987 ck f |||| | spa d
080 ## - NÚMERO DE LA CLASIFICACIÓN DECIMAL UNIVERSAL
Número de la Clasificación Decimal Universal 316.77:003.6
100 1# - ENTRADA PRINCIPAL--NOMBRE DE PERSONA
Nombre de persona Silva Téllez, Armando.
9 (RLIN) 162556
245 10 - MENCIÓN DEL TÍTULO
Título Punto de vista ciudadano
Resto del título : focalización visual y puesta en escena del graffiti /
Mención de responsabilidad, etc. Armando Silva.
260 ## - PUBLICACIÓN, DISTRIBUCIÓN, ETC.
Lugar de publicación, distribución, etc. Bogotá :
Nombre del editor, distribuidor, etc. [Instituto Caro y Cuervo],
Fecha de publicación, distribución, etc. 1987.
300 ## - DESCRIPCIÓN FÍSICA
Extensión 86 p., [12] p. de lám. ;
Dimensiones 21 cm.
490 1# - MENCIÓN DE SERIE
Mención de serie Publicaciones del Instituto Caro y Cuervo.
-- Minor ;
Designación de volumen o secuencia 29
500 ## - NOTA GENERAL
Nota general Índice.
504 ## - NOTA DE BIBLIOGRAFÍA, ETC.
Nota de bibliografía, etc. Bibliografía: p. [75]-80.
650 #7 - PUNTO DE ACCESO ADICIONAL DE MATERIA--TÉRMINO DE MATERIA
Término de materia o nombre geográfico como elemento de entrada Graffiti.
9 (RLIN) 162557
710 2# - ENTRADA AGREGADA--NOMBRE DE ENTIDAD CORPORATIVA
Nombre de entidad corporativa o nombre de jurisdicción como elemento de entrada Instituto Caro y Cuervo.
9 (RLIN) 4806
830 0# - PUNTO DE ACCESO ADICIONAL DE SERIE-TÍTULO UNIFORME
Título uniforme Publicaciones del Instituto Caro y Cuervo.
-- Minor ;
Designación de volumen o secuencia 29
9 (RLIN) 192752
852 ## - LOCALIZACIÓN
Ubicación ES-MaACL
Número de control de estantería L-31551
Nota libre . - Donat. Viuda Antonio Tovar
Holdings
Estatus retirado Estado de pérdida Estado de daño No para préstamo Biblioteca de origen Biblioteca actual Ubicación en estantería Fecha de adquisición Fuente de adquisición Total de préstamos Signatura topográfica completa Código de barras Visto por última vez Precio de reemplazo Tipo de ítem Koha
        Biblioteca del Ateneo de Madrid Biblioteca del Ateneo de Madrid Depósito 2 08/05/2017     L-31551 1197537 23/02/2023 23/02/2023 Libro impreso